000 01081nam a2200325 i 4500
001 245170
003 OSt
005 20180921
008 0000002002 dr 0000000000spa00
100 _aRosario Taveras, Norma D
245 _aAutomedicación en el sector Barrio Lindo del municipio Hato Mayor del Rey República Dominicana período junio-septiembre 2002
_cNorma D. Rosario Taveras, Yuderka I. Encarnación Castillo, Naifa A. Brito de Salas; asesores Rosario Mojíca, William Duke
260 _aRepública Dominicana :
_bUniversidad Central del Este
300 _a51h
502 _aTesis (Licenciado en Farmacia)-- Universidad Central del Este, 2002
504 _aIncluye bibliografía índice y anexos
650 _aAbuso de medicamentos
_aAutomedicación
_aFarmacología
_aMedicamentos
_aTC 6206
_aTesis y disertaciones académicas
700 _aBrito de Salas, Naifa Adalgisa
_aDuke, William, ases
_aEncarnación Castillo, Yuderka I
_aMojíca, Rosario, ases
040 _aDLC
_cDLC
942 _2ddc
_cTH
999 _c245170
_d24517000